Design of S-BAnd Low Noise Amplifier and Band Pass Filter / (Record no. 217228)

000 -LEADER
fixed length control field 00776 a2200193 4500
003 - CONTROL NUMBER IDENTIFIER
control field NUST
005 - DATE AND TIME OF LATEST TRANSACTION
control field 20251219141046.0
040 ## - CATALOGING SOURCE
Transcribing agency Nust
082 ## - DEWEY DECIMAL CLASSIFICATION NUMBER
Classification number 621.382,ALI
100 ## - MAIN ENTRY--PERSONAL NAME
Personal name Ali, Waqar. (TE-48)
9 (RLIN) 132494
245 ## - TITLE STATEMENT
Title Design of S-BAnd Low Noise Amplifier and Band Pass Filter /
Statement of responsibility, etc. NC Waqar Ali andASC Asad Hayat
260 ## - PUBLICATION, DISTRIBUTION, ETC.
Place of publication, distribution, etc. Rawalpindi
Name of publisher, distributor, etc. MCS (NUST)
Date of publication, distribution, etc. June 2015
300 ## - PHYSICAL DESCRIPTION
Extent 31 p.;
505 ## - FORMATTED CONTENTS NOTE
Formatted contents note Introduction (Page-1), Scope, Specification and Deliverable of the Project (Page-13), Detailed Designed (Page-15), Band Pass Filter (Page-24), Problem Faced (Page-30), Recommendation for Future Work (Page-30), Conclusion (Page-30).
650 ## - SUBJECT ADDED ENTRY--TOPICAL TERM
Topical term or geographic name entry element UG Project
9 (RLIN) 131132
651 ## - SUBJECT ADDED ENTRY--GEOGRAPHIC NAME
Geographic name TE-48
700 ## - ADDED ENTRY--PERSONAL NAME
Personal name Supervised by Dr. Farooq Ahmed Bhatti.
9 (RLIN) 132495
942 ## - ADDED ENTRY ELEMENTS (KOHA)
Koha item type Project Report
Source of classification or shelving scheme
Holdings
Withdrawn status Lost status Source of classification or shelving scheme Damaged status Not for loan Permanent Location Current Location Shelving location Date acquired Full call number Barcode Date last seen Price effective from Koha item type Public note
          Military College of Signals (MCS) Military College of Signals (MCS) Reference 12/12/2016 621.382,ALI MCSPTC-255 12/08/2016 12/12/2016 Project Report Almirah No. 94, Shelf No. 5
© 2023 Central Library, National University of Sciences and Technology. All Rights Reserved.